| 000 | 01147nam a2200253 i 4500 | ||
|---|---|---|---|
| 001 | 163875 | ||
| 003 | ES-MaACL | ||
| 005 | 20251116063111.0 | ||
| 008 | 960508s1886 sp |||| | spa d | ||
| 080 | _a821.134.2-21"15" | ||
| 100 | 1 |
_aRojas, Fernando de, _dca. 1470-1541 _999042 |
|
| 240 | 1 | 3 | _aLa Celestina |
| 245 | 1 | 3 |
_aLa Celestina : _btragi-comedia de Calisto y Melibea : en la cual se contienen demás de su agradable y dulce estilo, muchas sentencias filosofales y avisos muy necesarios para mancebos, mostrándoles los engaños que están encerrados en sirvientes y alcahuetas / _cFernando de Rojas ; el primer acto se atribuye a Juan de Mena o a Rodrigo Cota. |
| 260 |
_aBarcelona : _b[s.n.], _c1886 ( _fDaniel Cortezo y C.ª) |
||
| 300 |
_aXVIII, 19-288 p. ; _c21 cm. |
||
| 490 | 1 | _aBiblioteca clásica española | |
| 596 | _aMarca tip. en verso de port. | ||
| 597 | _aAntep. | ||
| 700 | 1 |
_aMena, Juan de, _d1411-1456 _980047 |
|
| 700 | 1 |
_aCota, Rodrigo, _dca. 1450-ca. 1504 _941158 |
|
| 830 | 1 |
_aBiblioteca clásica española _9182443 |
|
| 852 |
_aES-MaACL _jB-1056 _z- Enc. ed. en tela |
||
| 999 |
_c163875 _d163875 |
||